Je voudrais déjà être roi - Le roi lion [paroles entieres] - Statistiques

Statistiques générales
  • Ce quiz a été pris 1 335 fois
  • Le résultat moyen est 185 sur 228
Statistiques - réponses
Hint Réponse % Correct
de
99%
Refrain | Simba Je
99%
je
99%
je...
99%
Roi
99%
Roi!
99%
à
98%
a
98%
déjà
98%
déjà...
98%
et
98%
Et
98%
être
98%
...être
98%
voudrais
98%
la
97%
le
97%
Simba Le
97%
Zazou Ce
96%
ce
96%
si
96%
Zazou Si
96%
un
96%
Choeur | Simba | Zazou C'est
95%
c'est...
95%
Du
95%
du
95%
peu
95%
avec
94%
Avec
94%
des
94%
moi
94%
poils!
94%
simba
94%
Simba
94%
une
94%
En
93%
grand
93%
ne
93%
Ne
93%
qu'on
93%
Qu'on
93%
animal
92%
dans
92%
fois
92%
pas
92%
Zazou Pas
92%
première
92%
te
92%
voit
92%
cour
91%
faire
91%
royaume
91%
bestial!
90%
entrée
90%
grands
90%
rugissement
90%
triomphale
90%
tu
90%
Zazou Tu
90%
vais
90%
royalement
88%
poussant
86%
très
86%
que
84%
Zazou Majesté,
83%
Mon
83%
me
81%
qui
81%
coude
80%
n'a
80%
mouches
79%
est
78%
ferme
78%
ta
78%
veux
78%
boutique
77%
Les
77%
tais-toi
77%
Adieu
76%
d'une
76%
monarchie
76%
plaît...!
76%
tyrannie
76%
ça,
74%
ça
74%
confonds
74%
conseils
74%
corneille!
74%
Zazou Il
74%
l'Afrique
74%
lion
74%
Lion
74%
Simba Sans
74%
sans
74%
trompe
73%
vieille
73%
votre
73%
as
71%
on
71%
71%
Simba Au
70%
cœur
70%
dit
70%
parle
70%
voie
70%
Soleil
69%
temps
69%
fais
68%
grandeur
68%
nouveau
68%
République
68%
dire
67%
langue
67%
Prends
67%
sera
67%
bien
66%
garde
66%
animaux
65%
Vive
65%
encore
64%
encore!
64%
Nala Tiens
64%
jamais
63%
nouvelle
63%
tête
63%
mule
62%
toi!!
62%
ciel
61%
l'Ouest!
61%
jusqu'au
59%
l'Est!
59%
Simba Regardez
59%
chemin
58%
long
58%
monte
58%
frontières!
57%
répandent
56%
pouvoir
55%
peux
54%
conteste
52%
croire!
49%
j'essaie
49%
Altesse
48%
faut
48%
ici,
47%
assieds
45%
dis
45%
Ah!
41%
Simba et Nala Restes
41%
rumeur
40%
Zazou Oh!
37%
Simba Surtout
36%
quand
34%
secours!
29%
Zazou D'ailleurs
25%
Pitié!
23%
comprennes...
21%
Aucun quiz correspondant
Distribution des résultats
% des personnes avec chaque résultat
Percentile par nombre de réponses
Votre historique - résultats
Vous n’avez pas pris ce quiz